Logo BPK

Biblioteka

Politechniki Koszalińskiej

Königliche Hoheit : (Rekord nr 49434)

Szczegóły MARC
000 -ETYKIETA REKORDU
podpole kontrolne o stałej długości 00540nam a2200205 i 4500
001 - NUMER KONTROLNY REKORDU
pole kontrolne bgj
040 ## - ŹRÓDŁO KATALOGOWANIA
Instytucja, która utworzyła rekord BPK
041 0# - KOD JĘZYKA
Kod języka tekstu ger
044 ## - KOD KRAJU WYDAWCY/PRODUCENTA
Kod kraju wydawcy/producenta DEU
080 ## - UNIWERSALNA KLASYFIKACJA DZIESIĘTNA - UKD
UKD 821.112.2-3
008 - POLE O STAŁEJ DŁUGOŚCI - DANE KONTROLNE
podpole kontrolne o stałej długości s gw f |000 0 ger
100 1# - NAZWA OSOBOWA
Nazwa osobowa MANN, Thomas.
Daty związane z nazwą (1985-1955).
245 10 - TYTUŁ/ODPOWIEDZIALNOŚĆ
Tytuł Königliche Hoheit :
Ciąg dalszy tytułu Roman /
Pozostałe elementy strefy tytułu i oznaczenia odpowiedzialności Thomas Mann.
260 ## - STREFA ADRESU WYDAWNICZEGO
Miejsce wydania Frankfurt am Main :
Nazwa wydawcy/dystrybutora Fischer Bücherei,
Data publikacji, dystrybucji/powstania dokumentu 1956.
300 ## - STREFA OPISU FIZYCZNEGO
Objętość 253, [1] s. ;
Rozmiary 18 cm.
490 1# - STREFA SERII I DOKUMENTU WIELOCZĘŚCIOWEGO - FORMA NIE DO WYSZUKIWANIA
Tytuł i oznaczenie odpowiedzialności serii Fischer Bücherei
650 9# - HASŁO PRZEDMIOTOWE W FORMIE NAZWY OGÓLNEJ LUB JEDNOSTKOWEJ
Nazwa ogólna lub geograficzna Powieść niemiecka
830 ## - HASŁO DODATKOWE SERII LUB DOKUMENTU WIELOCZĘŚCIOWEGO - TYTUŁ UJEDNOLICONY
Tytuł ujednolicony Fischer Bücherei
856 ## - LOKALIZACJA I DOSTĘP DO ELEKTRONICZNYCH DOKUMENTÓW ZDALNYCH
Link (URL) http://koha.tu.koszalin.pl/cgi-bin/koha/opac-detail.pl?biblionumber=49434
Tekst linku Katalog online BPK
942 ## - DODATKOWE ELEMENTY (KOHA)
Typ dokumentu Książka
Egzemplarze
Wycofany Status egzemplarza Uszkodzony Dostępność Lokalizacja stała Lokalizacja bieżąca Miejsce przechowywania Sygnatura Kod kreskowy Typ dokumentu
      Dostępny Biblioteka Politechniki Koszalińskiej Biblioteka Politechniki Koszalińskiej Wypożyczalnia Językowa N 1106 02120997 Książka
© 2023 Biblioteka Politechniki Koszalińskiej :: KOHA